Projektovanie križovatiek na pozemných komunikáciách

Bibliographic Details
Main Authors: Bekeč, Imrich (Author), Ďurčanská, Daniela, 1958- (Author)
Format: Book
Language:Slovak
PhysicalDescription:113 s. ilustr., fotogr., mp., sch. 30cm
Published: V Žiline Žilinská univezita v Žiline Edis 2015
ISBN:9788055410531
Edition:1. vyd.
Series:Vysokoškolské učebnice
Subjects:

MARC

LEADER 00000cam a2200000 a 4500
001 vtls011428612
003 SK-MaSNL
005 20260301041157.0
008 240318s2015 xo oablf n 000 0 slo
015 |a SNBA2016/04 
020 |a 9788055410531  |q (brožované) 
035 |a urn:nbn:sk:snk-am00azbu 
035 |a urn:nbn:sk:snk-am3h8m6 
035 |a F2A84ACB-B315-4F4E-B423-C3ED174BEBD5 
040 |a SNK  |b slo  |c SNK  |e AACR2 
041 0 |a slo 
044 |a xo  |c SK 
072 7 |a 625  |x Pozemné komunikácie. Železničné staviteľstvo  |2 konspekt 
080 |a 658.512.2  |2 2011 
080 |a (075.8)  |2 2011 
080 |a 625.7/.8  |2 2011 
080 |a 625.739  |2 2011 
100 1 |a Bekeč, Imrich  |4 aut  |9 342517 
245 1 0 |a Projektovanie križovatiek na pozemných komunikáciách  |c Imrich Bekeč, Daniela Ďurčanská 
250 |a 1. vyd. 
260 |a V Žiline  |b Žilinská univezita v Žiline  |b Edis  |c 2015 
300 |a 113 s.  |b ilustr., fotogr., mp., sch.  |c 30cm 
366 |e 200 výt. 
490 1 |a Vysokoškolské učebnice 
504 |a Obsahuje bibliogr. 
650 0 7 |a projektovanie  |2 SNKPH  |9 4997 
650 0 7 |a Project planning  |2 SNKPHeng  |9 327534 
650 0 7 |a pozemné komunikácie  |2 SNKPH  |9 3578 
650 0 7 |a križovatky  |2 SNKPH  |9 342518 
650 0 7 |a Roads and highways  |2 SNKPHeng  |9 275165 
650 0 7 |a Crossroads  |2 SNKPHeng  |9 342519 
655 7 |a učebnice vysokých škôl  |2 SNKPH  |9 70191 
655 7 |a Textbooks (higher)  |2 SNKPHeng  |9 276436 
700 1 |a Ďurčanská, Daniela,  |d 1958-  |4 aut  |9 193947 
752 |a Slovensko  |d Žilina 
830 0 |a Vysokoškolské učebnice  |9 277152 
852 |a Štátna vedecká knižnica v Banskej Bystrici 
919 |a 978-80-554-1053-1 
958 |a NB 
999 |c 587781  |d 589711 
952 |a SNK  |b SNK  |y PREZ  |7 0  |p 17A1178447  |o snkSB 89579  |i snk2016/2941  |8 0  |0 0  |1 0  |4 0  |d 2016-02-04  |f 1  |l 0  |r 2025-05-12 00:00:00  |w 2026-02-23 
952 |a SNK  |b SNK  |y VYP  |7 0  |p 17A1178448  |o snkSB 89579 D1  |i snk2016/2942  |8 0  |0 0  |1 0  |4 0  |d 2016-02-04  |l 0  |r 2026-02-23 15:14:35  |w 2026-02-23